<?xml version="1.0" encoding="UTF-8"?>
<record
    xmlns:xsi="http://www.w3.org/2001/XMLSchema-instance"
    xsi:schemaLocation="http://www.loc.gov/MARC21/slim http://www.loc.gov/standards/marcxml/schema/MARC21slim.xsd"
    xmlns="http://www.loc.gov/MARC21/slim">

  <leader>01378nam a22002417a 4500</leader>
  <controlfield tag="008">160525b        xxu||||| |||| 00| 0 eng d</controlfield>
  <datafield tag="020" ind1=" " ind2=" ">
    <subfield code="a">9789587531169 </subfield>
  </datafield>
  <datafield tag="020" ind1=" " ind2=" ">
    <subfield code="a"> 9587531167</subfield>
  </datafield>
  <datafield tag="082" ind1=" " ind2=" ">
    <subfield code="a">708</subfield>
    <subfield code="b">B265c</subfield>
  </datafield>
  <datafield tag="100" ind1=" " ind2=" ">
    <subfield code="a"> Mar&#xED;a Sol Bar&#xF3;n Pino, Camilo Ord&#xF3;nez Robayo</subfield>
    <subfield code="9">5001</subfield>
  </datafield>
  <datafield tag="110" ind1=" " ind2=" ">
    <subfield code="a">Equipo TRansHisTor(ia) / Colombia. Ministerio de Cultura.; Colombia. Ministerio de Cultura. Programa Nacional de Est&#xED;mulos</subfield>
    <subfield code="9">5002</subfield>
  </datafield>
  <datafield tag="245" ind1=" " ind2=" ">
    <subfield code="a">Con Wilson ... anotaciones, artistadas e incidentes :</subfield>
    <subfield code="b">Equipo TRansHisTor(ia), Mar&#xED;a Sol Bar&#xF3;n Pino, Camilo Ord&#xF3;nez Robayo</subfield>
    <subfield code="c">Mar&#xED;a Sol Bar&#xF3;n Pino, Camilo Ord&#xF3;nez Robayo</subfield>
  </datafield>
  <datafield tag="260" ind1=" " ind2=" ">
    <subfield code="a">Bogot&#xE1;</subfield>
    <subfield code="b">Ministerio de Cultura</subfield>
    <subfield code="c">2013</subfield>
  </datafield>
  <datafield tag="300" ind1=" " ind2=" ">
    <subfield code="a">430 p&#xE1;g</subfield>
    <subfield code="b"> ill</subfield>
    <subfield code="c">23 cm.</subfield>
  </datafield>
  <datafield tag="440" ind1=" " ind2=" ">
    <subfield code="v">Colecci&#xF3;n artistas colombianos, 3</subfield>
    <subfield code="9">5003</subfield>
  </datafield>
  <datafield tag="505" ind1=" " ind2=" ">
    <subfield code="t">Introducci&#xF3;n</subfield>
    <subfield code="t">Anotaciones (im&#xE1;genes pintadas) </subfield>
    <subfield code="t">Artistas (acciones y declaraciones)</subfield>
    <subfield code="t">Incidentes (La tierra Caliente)</subfield>
    <subfield code="t">Cronologia</subfield>
    <subfield code="t">Bibliografia </subfield>
  </datafield>
  <datafield tag="600" ind1=" " ind2=" ">
    <subfield code="a">Equipo TransHistor(ia)</subfield>
    <subfield code="9">5004</subfield>
  </datafield>
  <datafield tag="610" ind1=" " ind2=" ">
    <subfield code="a">Colombia. Ministerio de Cultura.; Colombia. Ministerio de Cultura. Programa Nacional de Est&#xED;mulos</subfield>
    <subfield code="9">5005</subfield>
  </datafield>
  <datafield tag="650" ind1=" " ind2=" ">
    <subfield code="a">Wilson Diaz - Exhibiciones </subfield>
    <subfield code="v">Arte Colombiano </subfield>
    <subfield code="9">5006</subfield>
  </datafield>
  <datafield tag="700" ind1=" " ind2=" ">
    <subfield code="a"> Mar&#xED;a Sol Bar&#xF3;n Pino</subfield>
    <subfield code="9">5007</subfield>
  </datafield>
  <datafield tag="700" ind1=" " ind2=" ">
    <subfield code="a">Camilo Ord&#xF3;nez Robayo</subfield>
    <subfield code="9">5008</subfield>
  </datafield>
  <datafield tag="710" ind1=" " ind2=" ">
    <subfield code="a">Equipo TRansHisTor(ia) / Colombia. Ministerio de Cultura.; Colombia. Ministerio de Cultura. Programa Nacional de Est&#xED;mulos</subfield>
    <subfield code="9">5009</subfield>
  </datafield>
  <datafield tag="999" ind1=" " ind2=" ">
    <subfield code="c">912</subfield>
    <subfield code="d">912</subfield>
  </datafield>
  <datafield tag="952" ind1=" " ind2=" ">
    <subfield code="0">0</subfield>
    <subfield code="1">0</subfield>
    <subfield code="2">ddc</subfield>
    <subfield code="4">0</subfield>
    <subfield code="7">0</subfield>
    <subfield code="a">LV</subfield>
    <subfield code="b">LV</subfield>
    <subfield code="c">Monograf&#xED;as</subfield>
    <subfield code="d">2016-05-25</subfield>
    <subfield code="l">0</subfield>
    <subfield code="o">708 B265c</subfield>
    <subfield code="p">004192</subfield>
    <subfield code="r">2016-05-25 00:00:00</subfield>
    <subfield code="w">2016-05-25</subfield>
    <subfield code="y">01</subfield>
  </datafield>
</record>
